000 01040cam a2200253 a 4500
001 000001138
005 20200929145503.0
008 970409s1996 it a b 101 0 ita d
020 _a8871251083
040 _aDO-SdBNP
_bita
_cLC
_dBNPHU
050 1 4 _aDT35.5
_b.F67 1996
082 _ann*
_bF684p
245 0 0 _aFonti e problemi della politica coloniale italiana :
_batti del convegno, Taormina-Messina, 23-29 ottobre 1989 /
_cintroducción Renato Grispo.
260 _aRoma :
_bMinistero per i Beni Culturali e Ambientali, Ufficio Centrale per i Beni Archivistici,
_c1996.
300 _av. :
_bil. ;
_c24 cm.
490 1 _aPubblicazioni degli Archivi di Stato :
_pSaggi ;
_v38
500 _aLa biblioteca sólo posee el volumen 2.
504 _aIncluye referencias bibliográficas e índice.
651 0 _aItaly
_xColonies
_zAfrica
_xHistory
_vCongresses.
_93894
700 1 _aGrispo, Renato,
_eintrod.
_93895
830 0 _aPubblicazioni degli Archivi di Stato :
_pSaggi ;
_v38
_93896
910 _aCatalogación por copia / LC
049 _aBNGR
999 _c1092
_d1092